Every WWE Championship Reign - Statistics

General Stats
  • This quiz has been taken 342 times
    224 since last reset
  • The average score is 132 of 158
Answer Stats
Championship Days Reign Notes Wrestler % Correct
WWE Championship 20 Days 1/9 CM Punk/John Cena
95%
WWE World Heavyweight Championship <1 Day 1 Roman Reigns
95%
WWE World Heavyweight Championship 41 Days 2 Roman Reigns
95%
WWE World Heavyweight Championship 77 Days 3 Roman Reigns
95%
WWE Championship 735 Days 4 Roman Reigns
95%
WWE Championship 280 Days 1 John Cena
94%
WWE Championship 133 Days 2 John Cena
94%
WWE Championship 380 Days 3 John Cena
94%
WWE Championship 21 Days 4 John Cena
94%
WWE Championship 49 Days 5 John Cena
94%
WWE Championship <1 Days 6 John Cena
94%
WWE Championship 84 Days 7 John Cena
94%
WWE Championship 77 Days 8 John Cena
94%
WWE Championship 14 Days 10 John Cena
94%
WWE Championship 133 Days 11 John Cena
94%
WWE World Heavyweight Championship 49 Days 12 John Cena
94%
WWE Championship 14 Days 13 John Cena
94%
WWE Championship <1 Day 1 Randy Orton
94%
WWE Championship 203 Days 2 Randy Orton
94%
WWE Championship 42 Days 3 Randy Orton
94%
WWE Championship 90 Days 4 Randy Orton
94%
WWE Championship 21 Days 5 Randy Orton
94%
WWE Championship 64 Days 6 Randy Orton
94%
WWE Championship 28 Days 7 Randy Orton
94%
WWE World Heavyweight Championship 161 Days 8 Randy Orton
94%
WWE Championship 49 Days 9 Randy Orton
94%
WWE Championship 22 Days 10 Randy Orton
94%
WWE Championship 35 Days 1 Alberto Del Rio
92%
WWE Championship 49 Days 2 Alberto Del Rio
92%
WWE Championship <1 Day 1 CM Punk/Rey Mysterio
92%
Undisputed WWE Universal Championship TBD 1 Cody Rhodes
92%
WWE Undisputed Championship 28 Days 6 "Hollywood" Hulk Hogan
92%
WWF World Heavyweight Championship 44 Days 1 The Rock
92%
WWF World Heavyweight Championship 7 Days 2 The Rock
92%
WWF World Heavyweight Championship 41 Days 3 The Rock
92%
WWF World Heavyweight Championship 21 Days 4 The Rock
92%
WWF World Heavyweight Championship 119 Days 5 The Rock
92%
WWF World Heavyweight Championship 35 Days 6 The Rock
92%
WWE Undisputed Championship 35 Days 7 The Rock
92%
WWE Championship 70 Days 8 The Rock
92%
WWF World Heavyweight Championship 22 Days 1 Triple H
92%
WWF World Heavyweight Championship 49 Days 2 Triple H
92%
WWF World Heavyweight Championship 118 Days 3 Triple H
92%
WWF World Heavyweight Championship 35 Days 4 Triple H
92%
Undisputed WWF Championship 35 Days 5 Triple H
92%
WWE Championship <1 Day 6 Triple H
92%
WWE Championship 210 Days 7 Triple H
92%
WWE Championship 210 Days 7 Unofficial Triple H
92%
WWE Championship 210 Days 7 Unofficial Triple H
92%
WWE Championship 210 Days 7 Triple H
92%
WWE Championship 70 Days 8 Triple H
92%
WWE World Heavyweight Championship 70 Days 9 Triple H
92%
WWF World Heavyweight Championship 1474 Days 1 Hulk Hogan
91%
WWF World Heavyweight Championship 364 Days 2 Hulk Hogan
91%
WWF World Heavyweight Championship 248 Days 3 Hulk Hogan
91%
WWF World Heavyweight Championship 1 Days 4 Hulk Hogan
91%
WWF World Heavyweight Championship 70 Days 5 Hulk Hogan
91%
WWE Championship 84 Days 1 Brock Lesnar
90%
WWE Championship 119 Days 2 Brock Lesnar
90%
WWE Championship 152 Days 3 Brock Lesnar
90%
WWE World Heavyweight Championship 224 Days 4 Brock Lesnar
90%
WWE Championship 143 Days 5 Brock Lesnar
90%
WWE Championship 28 Days 6 Brock Lesnar
90%
WWE Championship 43 Days 7 Brock Lesnar
90%
WWE Championship 8 Days 1 CM Punk
89%
Undisputed WWE Championship <1 Day 1 CM Punk
89%
WWE Championship 434 Days 2 CM Punk
89%
WWF World Heavyweight Championship 1 Day 1 Kane
89%
WWE Championship 214 Days 1 Drew McIntyre
87%
WWE Championship 97 Days 2 Drew McIntyre
87%
WWE World Heavyweight Championship 221 Days 1 Seth Rollins
87%
WWE World Heavyweight Championship <1 Days 2 Seth Rollins
87%
WWF World Heavyweight Championship 231 Days 1 Shawn Michaels
87%
WWF World Heavyweight Championship 25 Days 2 Shawn Michaels
87%
WWF World Heavyweight Championship 140 Days 3 Shawn Michaels
87%
WWF World Heavyweight Championship 6 Days 1 The Undertaker
87%
WWF World Heavyweight Championship 133 Days 2 The Undertaker
87%
WWF World Heavyweight Championship 36 Days 3 The Undertaker
87%
WWE Undisputed Championship 63 Days 4 The Undertaker
87%
WWE Championship <1 Day 1 Daniel Bryan
86%
WWE Championship 1 Day 2 Daniel Bryan
86%
WWE World Heavyweight Championship 64 Days 3 Daniel Bryan
86%
WWE Championship 145 Days 4 Daniel Bryan
86%
WWE Championship 21 Days 1 Edge
86%
WWE Championship 76 Days 2 Edge
86%
WWE Championship 21 Days 3 Edge
86%
WWE Championship 21 Days 4 Edge
86%
WWE World Championship 84 Days 1 Dean Ambrose
85%
WWF World Heavyweight Championship 358 Days 1 Diesel
85%
WWE Championship 70 Days 1 Sheamus
85%
WWE Championship 91 Days 2 Sheamus
85%
WWE World Heavyweight Championship 22 Days 3 Sheamus
85%
WWE Championship 160 Days 1 The Miz
85%
WWE Championship 8 Days 2 The Miz
85%
WWE Championship 2 Days 1 Batista
84%
WWE Championship 35 Days 2 Batista
84%
WWF World Heavyweight Championship 91 Days 1 "Stone Cold" Steve Austin
84%
WWF World Heavyweight Championship 90 Days 2 "Stone Cold" Steve Austin
84%
WWF World Heavyweight Championship 56 Days 3 "Stone Cold" Steve Austin
84%
WWF World Heavyweight Championship 55 Days 4 "Stone Cold" Steve Austin
84%
WWF World Heavyweight Championship 175 Days 5 "Stone Cold" Steve Austin
84%
WWF World Heavyweight Championship 62 Days 6 "Stone Cold" Steve Austin
84%
WWF World Heavyweight Championship 50 Days 1 The Big Show
84%
WWE Championship 28 Days 2 The Big Show
84%
WWWF World Heavyweight Championship 2803 Days 1 Bruno Sammartino
83%
WWWF Heavyweight Championship 1237 Days 2 Bruno Sammartino
83%
WWE Championship 140 Days 1 AJ Styles
82%
WWE Championship 371 Days 2 AJ Styles
82%
WWE Championship <1 Day 1 Unofficial Jeff Hardy
82%
WWE Championship <1 Day 1 Unofficial Jeff Hardy
82%
WWE Championship <1 Day 1 Unofficial Jeff Hardy
82%
WWE Championship 42 Days 1 Jeff Hardy
82%
WWE Championship 196 Days 1 Bobby Lashley
81%
WWE Championship 21 Days 2 Bobby Lashley
81%
WWF World Heavyweight Championship 174 Days 1 Bret Hart
81%
WWF World Heavyweight Championship 248 Days 2 Bret Hart
81%
WWF World Heavyweight Championship 133 Days 3 Bret Hart
81%
WWF World Heavyweight Championship 1 Day 4 Bret Hart
81%
WWF World Heavyweight Championship 98 Days 5 Bret Hart
81%
Undisputed WWF Championship 98 Days 1 Chris Jericho
81%
WWE Championship 110 Days 1 Big E
80%
WWE Championship 49 Days 1 Bray Wyatt
80%
WWE Championship 180 Days 1 Kofi Kingston
80%
WWF World Heavyweight Championship 126 Days 1 Kurt Angle
78%
WWF World Heavyweight Championship 15 Days 2 Kurt Angle
78%
WWE Championship 105 Days 3 Kurt Angle
78%
WWE Championship 51 Days 4 Kurt Angle
78%
WWF World Heavyweight Championship 371 Days 1 "Macho Man" Randy Savage
78%
WWF World Heavyweight Championship 149 Days 2 "Macho Man" Randy Savage
78%
WWE Championship 133 Days 1 Eddie Guerrero
77%
WWF World Heavyweight Championship <1 Day 1 Andre The Giant
75%
WWE Championship 170 Days 1 Jinder Mahal
75%
WWE Championship 280 Days 1 John "Bradshaw" Layfield
75%
WWF World Heavyweight Championship 26 Days 1 Mankind
74%
WWF World Heavyweight Championship 20 Days 2 Mankind
74%
WWF World Heavyweight Championship 1 Day 3 Mankind
74%
WWF World Heavyweight Championship 6 Days 1 Mr. McMahon
74%
WWF World Heavyweight Championship 77 Days 1 Ric Flair
74%
WWF World Heavyweight Championship 41 Days 2 Ric Flair
74%
WWF Heavyweight Championship 2135 Days 1 Bob Backlund
70%
WWF Heavyweight Championship 2135 Days 1 Bob Backlund
70%
WWF World Heavyweight Championship 3 Days 2 Bob Backlund
70%
WWE Championship 22 Days 1 Rob Van Dam
68%
WWF World Heavyweight Championship 63 Days 1 Sycho Sid
67%
WWF World Heavyweight Championship 34 Days 2 Sycho Sid
67%
WWF World Heavyweight Championship <1 Day 1 Yokozuna
65%
WWF World Heavyweight Championship 280 Days 2 Yokozuna
65%
WWF World Heavyweight Championship 293 Days 1 The Ultimate Warrior
61%
WWF World Heavyweight Championship 64 Days 1 Sgt. Slaughter
59%
WWWF World Heavyweight Championship 22 Days 1 Buddy Rogers
57%
WWF World Heavyweight Championship 8 Days 1 Unofficial Ted Dibiase
57%
WWF World Heavyweight Championship 28 Days 1 The Iron Sheik
57%
WWWF Heavyweight Championship 1027 Days 1 Pedro Morales
56%
WWWF World Heavyweight Championship 21 Days 1 Ivan Koloff
49%
WWWF Heavyweight Championship 296 Days 1 "Superstar" Billy Graham
49%
WWWF Heavyweight Championship 9 Days 1 Stan Stasiak
43%
WWE Championship <1 Day 1 Unofficial The Brian Kendrick
25%
WWF Heavyweight Championship 6 Days 1 Unofficial Antonio Inoki
21%
No matching quizzes found
Score Distribution
Percent of People with Each Score
Percentile by Number Answered
Your Score History
You have not taken this quiz since the last reset